[Event "SLO-ch U12 Girls"]
[Site "Celje"]
[Date "2004.02.23"]
[Round "3"]
[White "Vombek, Sara"]
[Black "Ocepek, Kristina"]
[Result "1-0"]
[WhiteElo "1529"]
[BlackElo "1500"]
[PlyCount "69"]
[EventDate "2004.02.22"]
[EventType "tourn"]
[EventRounds "7"]
[EventCountry "SLO"]
[SourceTitle "EXT 2008"]
[Source "ChessBase"]
[SourceDate "2007.11.25"]
[SourceVersion "1"]
[SourceVersionDate "2007.11.25"]
[SourceQuality "1"]

1. e4 e5 2. Nf3 Nc6 3. Nc3 Nf6 4. d4 d6 5. dxe5 dxe5 6. Qxd8+ Kxd8 7. Bg5 Be7 8. 0-0-0+ Ke8 9. Bb5 Bd7 10. Rhe1 Rd8 11. Bxc6 Bxc6 12. Rxd8+ Kxd8 13. Nxe5 Rf8 14. Nxc6+ bxc6 15. Bxf6 Bxf6 16. e5 Bg5+ 17. Kd1 Kc8 18. Re2 Rd8+ 19. Ke1 Re8 20. g3 h5 21. f4 Bh6 22. Ne4 Kb7 23. Kf2 Rd8 24. Rd2 Rd5 25. Rxd5 cxd5 26. Nc3 d4 27. Nb5 c5 28. Nd6+ Kb6 29. Nxf7 Kb5 30. Nxh6 Kc4 31. e6 d3 32. cxd3+ Kxd3 33. e7 c4 34. e8Q c3 35. bxc3 1-0